| 000 | 00733nam0a22002531 4500 | ||
|---|---|---|---|
| 001 | rc\104043 | ||
| 005 | 20250620182716.0 | ||
| 010 |
_a5-85980-035-5 _920000 |
||
| 035 | _a(NLR Aleph) 005366400 | ||
| 090 |
_a6953155 _c6953155 |
||
| 100 | _a20021216d1995 |||y0rusy50 ca | ||
| 101 | 0 | _arus | |
| 102 | _aRU | ||
| 105 | _ay ||||||||| | ||
| 200 | 1 |
_aСеребряное прикосновение _e[Пер. с англ.] _fРозалинда Лейкер |
|
| 210 |
_aМ. _cАИПП "Диалог" _d1995 |
||
| 215 |
_a379, [1] с. _d21 |
||
| 225 | 1 | _aСердца | |
| 700 | 1 |
_aЛейкер _bР. _gРозалинда |
|
| 801 | 0 |
_aRU _bNLR _gpsbo |
|
| 801 | 1 |
_aRU _bELAR _2rusmarc |
|
| 852 |
_aNLR _j96-3/5256 |
||
| 942 | _cBOOK | ||
| 980 | _aNB | ||